000
00491nam a2200181Ia 4500
008
090122s9999 xx 000 0 und d
082
_b
1357
_a
891.4681
100
_a
कुसुमाग्रज
245
_a
मेघदूत
260
_b
पॉप्युलर
_c
1956
300
_a
68
501
_a
--
600
_a
कुसुमाग्रज
630
_a
मेघदूत
700
_a
कुसुमाग्रज
730
_a
मेघदूत
942
_c
BOOK
999
_c
25435
_d
25435